000 00640nam a2200277Ia 4500
005 20260324121404.0
008 008 260324s9999 xx 000 0 eng d
020 _a9781315128412
037 _aEBOOK
040 _aCRL
040 _beng
040 _cCRL
041 _2eng
041 _aeng
084 _qCRL
100 _aSigurd Bergmann
_91162330
245 0 _aReligion, Space, and the Environment
260 _bTaylor and Francis
260 _c2014
365 _a
365 _b230
856 _uhttp://www.taylorfrancis.com/books/9781315128412
942 _cEBOOK
999 _c1754394
_d1754394